| 000 | 00523nam a2200181Ia 4500 | ||
|---|---|---|---|
| 003 | OSt | ||
| 005 | 20260325124530.0 | ||
| 008 | 190216s9999||||xx |||||||||||||| ||und|| | ||
| 020 | _a9788126424429 | ||
| 040 | _coclc | ||
| 082 |
_a823.914 _bLES/N |
||
| 100 |
_aLessing, Doris _95713 |
||
| 245 | 0 |
_aNallavalaya Bheekaravadi = The Good Terrorist / _cDoris Lessing |
|
| 260 |
_bDc Books, _c2009. _a Kottayam: |
||
| 300 | _a371p | ||
| 650 | _aNovel | ||
| 942 |
_cBK _2ddc _h823.914 _iLES/N _k823.914 _mLES/N |
||
| 999 |
_c29664 _d29664 |
||